000 00436nam a22001697a 4500
003 OSt
020 _a9781133355069
082 _a001.42
_bRUB/ES
100 _aRubin, Allen
245 _aEssential research methods for social work
250 _a3
260 _aU s, Newdelhi
_bcengage learning
_c2013
300 _a397p.
650 _aIntroduction to scientific inquiry in social work
700 _aBabbie, Earl
942 _2ddc
_cREF
999 _c177992
_d177992